000
00233nam a2200109Ia 4500
008
190216s9999||||xx |||||||||||||| ||und||
100
_a
Walter W Bigg
245
0
_a
Cost Accounts
260
_b
Null
_c
1961
300
_a
608p
942
_c
BK
999
_c
4774
_d
4774